[Event "Wch U20 50th"]
[Site "Chennai"]
[Date "2011.08.12"]
[Round "10"]
[White "Udeshi, Aditya"]
[Black "Lokesh, N1111"]
[Result "1-0"]
[WhiteElo "2378"]
[BlackElo "2090"]
[PlyCount "77"]
[EventDate "2011.08.02"]
[EventType "swiss"]
[EventRounds "13"]
[EventCountry "IND"]
[SourceTitle "CBM 143 Extra"]
[Source "ChessBase"]
[SourceDate "2011.08.29"]
[SourceVersion "1"]
[SourceVersionDate "2011.08.29"]
[SourceQuality "1"]

1. e4 e5 2. Nf3 Nf6 3. Nxe5 d6 4. Nc4 Nxe4 5. Qe2 Qe7 6. Ne3 c6 7. c4 g6 8. g3 Bg7 9. Bg2 0-0 10. 0-0 Re8 11. Nc3 Nc5 12. Rd1 Ne6 13. Qf1 Na6 14. Ne2 Nd4 15. Nxd4 Bxd4 16. Nc2 Qf6 17. Nxd4 Qxd4 18. h3 Bf5 19. d3 Nc5 20. Be3 Qxb2 21. Rab1 Qxa2 22. g4 Bc8 23. d4 Ne4 24. Ra1 Qb3 25. Rdb1 Qc3 26. Rc1 Qb4 27. Qd3 d5 28. c5 Qb5 29. Qc2 Qc4 30. Qb2 Qb5 31. Qa3 b6 32. Bf1 Qa5 33. Qb2 Qxa1 34. Rxa1 b5 35. Qb4 Bb7 36. Qa5 Re7 37. Bd3 Rd7 38. f3 Nf6 39. Bg5 1-0

[Event "Wch U20 50th"]
[Site "Chennai"]
[Date "2011.08.11"]
[Round "9"]
[White "Kathmale, Sameer"]
[Black "Udeshi, Aditya"]
[Result "0-1"]
[WhiteElo "2211"]
[BlackElo "2378"]
[PlyCount "82"]
[EventDate "2011.08.02"]
[EventType "swiss"]
[EventRounds "13"]
[EventCountry "IND"]
[SourceTitle "CBM 143 Extra"]
[Source "ChessBase"]
[SourceDate "2011.08.29"]
[SourceVersion "1"]
[SourceVersionDate "2011.08.29"]
[SourceQuality "1"]

1. e4 d5 2. exd5 Qxd5 3. Nf3 Nf6 4. d4 Bg4 5. Be2 Nc6 6. 0-0 0-0-0 7. c4 Qh5 8. Nc3 Nxd4 9. Nxd4 Bxe2 10. Qxe2 Rxd4 11. f3 Rd8 12. Be3 e6 13. Rab1 a6 14. b4 Bd6 15. g3 Be5 16. Rb3 Bd4 17. b5 Qe5 18. Bxd4 Qxd4+ 19. Rf2 a5 20. b6 c6 21. Kg2 h5 22. h4 Nd7 23. Na4 Nc5 24. Qe1 Nxa4 25. Qxa5 Nc5 26. Rbb2 Na6 27. Rfd2 Qc5 28. Qc3 e5 29. Qc2 Rxd2+ 30. Qxd2 Qd4 31. Qc2 g6 32. Qc1 Rd8 33. Rf2 Qxb6 34. Rb2 Qd4 35. Qb1 Qxc4 36. Qg1 Qc3 37. Qb6 Rd2+ 38. Rxd2 Qxd2+ 39. Kh3 Qxa2 40. Qa7 Qe6+ 41. g4 e4 0-1

[Event "Wch U20 50th"]
[Site "Chennai"]
[Date "2011.08.09"]
[Round "7"]
[White "Gagare, Shardul"]
[Black "Udeshi, Aditya"]
[Result "1/2-1/2"]
[WhiteElo "2223"]
[BlackElo "2378"]
[PlyCount "150"]
[EventDate "2011.08.02"]
[EventType "swiss"]
[EventRounds "13"]
[EventCountry "IND"]
[SourceTitle "CBM 143 Extra"]
[Source "ChessBase"]
[SourceDate "2011.08.29"]
[SourceVersion "1"]
[SourceVersionDate "2011.08.29"]
[SourceQuality "1"]

1. c4 e6 2. g3 d5 3. Bg2 c5 4. Nf3 Nc6 5. cxd5 exd5 6. d4 Nf6 7. 0-0 Be7 8. Nc3 0-0 9. Bg5 c4 10. Ne5 Be6 11. b3 cxb3 12. Nxc6 bxc6 13. axb3 h6 14. Bxf6 Bxf6 15. Na4 Bg4 16. Qd3 h5 17. Rfc1 Qd6 18. e3 Rfb8 19. Nc5 a5 20. Na6 Bf5 21. Qxf5 Rxa6 22. Bf1 Ra7 23. Qc2 Rb6 24. Qc3 Bd8 25. Rxa5 Rxa5 26. Qxa5 Rxb3 27. Qc5 Qxc5 28. Rxc5 Rb6 29. Bh3 Be7 30. Rc2 c5 31. dxc5 Rc6 32. Bg2 Rxc5 33. Rd2 Rc1+ 34. Bf1 Rc5 35. h4 g6 36. Be2 Bf6 37. Bf3 Bc3 38. Rd1 Kg7 39. Bxd5 Bf6 40. Kg2 Rc7 41. Rd2 Rc5 42. e4 Rb5 43. Rd3 Ra5 44. f4 Rc5 45. e5 Be7 46. Kf3 Rc1 47. Rb3 Rc7 48. Ke4 Ra7 49. Rb8 Ra4+ 50. Kf3 Ra7 51. Bb3 Rc7 52. Kg2 Bc5 53. Rd8 Bb4 54. e6 fxe6 55. Bxe6 Kf6 56. Bd5 Kg7 57. Rg8+ Kh7 58. Re8 Be7 59. Ra8 Bf6 60. Ra6 Kg7 61. Be4 Re7 62. Kf3 Rf7 63. Rc6 Rf8 64. Bd5 Re8 65. Rc7+ Re7 66. Rc8 Ra7 67. Rg8+ Kh7 68. Re8 Ra3+ 69. Kg2 Ra7 70. Re3 Kg7 71. Kf3 Rc7 72. Re8 Rc3+ 73. Kg2 Rc2+ 74. Kf3 Rc3+ 75. Kg2 Rc2+ 1/2-1/2

[Event "IND-chB 49th"]
[Site "Aurangabad"]
[Date "2011.06.24"]
[Round "11"]
[White "Shyam, Sundar M"]
[Black "Udeshi, Aditya"]
[Result "1/2-1/2"]
[WhiteElo "2457"]
[BlackElo "2362"]
[PlyCount "84"]
[EventDate "2011.06.16"]
[EventType "swiss"]
[EventRounds "13"]
[EventCountry "IND"]
[SourceTitle "CBM 143 Extra"]
[Source "ChessBase"]
[SourceDate "2011.08.29"]
[SourceVersion "1"]
[SourceVersionDate "2011.08.29"]
[SourceQuality "1"]

1. e4 c5 2. Nf3 d6 3. Bc4 Nf6 4. d3 e6 5. Bb3 Be7 6. 0-0 0-0 7. c3 b6 8. Re1 Bb7 9. Nbd2 Nbd7 10. Nf1 b5 11. Ng3 Nb6 12. d4 cxd4 13. cxd4 Rc8 14. Bc2 Qc7 15. Bd3 a6 16. Qe2 Rfe8 17. b3 Nfd7 18. Bd2 e5 19. d5 Nc5 20. Rac1 Qb8 21. Bb1 Nbd7 22. h4 Ba8 23. Nf5 Bf8 24. Nh2 b4 25. Ng4 Kh8 26. Qf3 a5 27. h5 Rc7 28. h6 g6 29. Ng7 Rec8 30. Qxf7 Nb6 31. Qf3 Be7 32. Qg3 Rf8 33. Rxc5 Rxc5 34. Ne6 Nd7 35. Nxc5 Nxc5 36. Rc1 Qd8 37. Qe3 Kg8 38. Qh3 Bb7 39. Be3 Bc8 40. Qg3 Bh4 41. Qh3 Bg5 42. Qg3 Bh4 1/2-1/2